Энергоэффективность преобразования и транспортировки электрической энергии: учебное пособие

Sonraí bibleagrafaíochta
Príomhchruthaitheoir: Маркман Г. З. Григорий Зямович
Údar corparáideach: Томский политехнический университет (ТПУ)
Achoimre:Заглавие с титульного экрана
Электронная версия печатной публикации
В учебном пособии изложены основные принципы комплексного подхода к оценке эффективности использования электрической энергии путем анализа ее различных компонентов: экономичности, надежности и качества. Приводятся методики комплексных энергетических обследований для различных хозяйствующих объектов. Даны примеры практического использования рассматриваемых методов для формирования программы энергосбережения на предприятиях. Пособие разработано в рамках реализации Инновационной образовательной программы ТПУ по направлению "Технологии водородной энергетики, энергосбережение и возобновляемые источники энергии" и предназначено для студентов, аспирантов, обучающихся по энергетическим специальностям, и специалистов, занимающихся вопросами энергосбережения
Режим доступа: из корпоративной сети ТПУ
Teanga:Rúisis
Foilsithe / Cruthaithe: Томск, Изд-во ТПУ, 2008
Ábhair:
Rochtain ar líne:http://www.lib.tpu.ru/fulltext2/m/2010/m210.pdf
Formáid: MixedMaterials Leictreonach LEABHAR
KOHA link:https://koha.lib.tpu.ru/cgi-bin/koha/opac-detail.pl?biblionumber=188437

MARC

LEADER 00000nlm0a2200000 4500
001 188437
005 20231101224132.0
035 |a (RuTPU)RU\TPU\book\204679 
090 |a 188437 
100 |a 20101209d2008 m y0rusy50 ca 
101 0 |a rus 
102 |a RU 
105 |a a j 001zy 
135 |a drcn ---uucaa 
181 0 |a i  
182 0 |a b 
200 1 |a Энергоэффективность преобразования и транспортировки электрической энергии  |b Электронный ресурс  |e учебное пособие  |f Г. З. Маркман  |g Томский политехнический университет (ТПУ) 
203 |a Текст  |c электронный 
210 |a Томск  |c Изд-во ТПУ  |d 2008 
230 |a 1 компьютерный файл (pdf; 5.2 MB) 
300 |a Заглавие с титульного экрана 
300 |a Электронная версия печатной публикации 
330 |a В учебном пособии изложены основные принципы комплексного подхода к оценке эффективности использования электрической энергии путем анализа ее различных компонентов: экономичности, надежности и качества. Приводятся методики комплексных энергетических обследований для различных хозяйствующих объектов. Даны примеры практического использования рассматриваемых методов для формирования программы энергосбережения на предприятиях. Пособие разработано в рамках реализации Инновационной образовательной программы ТПУ по направлению "Технологии водородной энергетики, энергосбережение и возобновляемые источники энергии" и предназначено для студентов, аспирантов, обучающихся по энергетическим специальностям, и специалистов, занимающихся вопросами энергосбережения 
333 |a Режим доступа: из корпоративной сети ТПУ 
337 |a Adobe Reader 
452 1 |0 (RuTPU)RU\TPU\book\175660  |y 5-98298-302-0  |t Энергоэффективность преобразования и транспортировки электрической энергии  |o учебное пособие  |f Г. З. Маркман  |g Томский политехнический университет (ТПУ)  |c Томск  |n Изд-во ТПУ  |d 2008  |p 184 с.  |a Маркман, Григорий Зямович 
606 1 |a Электрическая энергия  |x Преобразование  |2 stltpush  |3 (RuTPU)RU\TPU\subj\26892  |9 50726 
610 1 |a электроэнергия 
610 1 |a качество 
610 1 |a комплексный анализ 
610 1 |a электроснабжение 
610 1 |a надежность 
610 1 |a экономичность 
610 1 |a оценка 
610 1 |a анализ 
610 1 |a математические модели 
610 1 |a режимы 
610 1 |a энергетические обследования 
610 1 |a информационное обеспечение 
610 1 |a энергетическая эффективность 
610 1 |a энергосбережение 
610 1 |a водородная энергетика 
610 1 |a возобновляемые источники энергии 
610 1 |a учебные пособия 
610 1 |a труды учёных ТПУ 
610 1 |a электронный ресурс 
675 |a 621.31.031(075.8)  |v 3 
700 1 |a Маркман  |b Г. З.  |g Григорий Зямович 
712 0 2 |a Томский политехнический университет (ТПУ)  |c (1991-2009)  |2 stltpush  |3 (RuTPU)RU\TPU\col\376 
801 1 |a RU  |b 63413507  |c 20101209 
801 2 |a RU  |b 63413507  |c 20111011  |g RCR 
856 4 |u http://www.lib.tpu.ru/fulltext2/m/2010/m210.pdf 
942 |c CF